battle of WW2 - Statistics

General Stats
  • This quiz has been taken 645 times
  • The average score is 9 of 39
Answer Stats
date what theater of the war battle % Correct
23 Aug 1942 east Stalingrad
73%
Jul 1944 east Poland-East Prussia
69%
4 Jun 1942 pacific Midway
62%
16 Apr 1945 east Berlin
59%
16 Feb 1945 pacific Iwo Jima
47%
6 Jun 1944 west Normandy
47%
8 Sep 1941 east Leningrad
45%
1 Apr 1945 pacific Okinawa
44%
5 Jul 1943 east Kursk
41%
7 Dec 1941 pacific Pearl Harbor
41%
1 Aug 1944 east Warsaw
40%
10 Jul 1940 west Britain
39%
2 Oct 1941 east Moscow
39%
5 Jun 1940 west France
38%
26 May 1940 west Dunkirk
33%
23 Aug 1942 pacific Guadalcanal
26%
9 Jul 1943 italy Sicily
24%
19 Sep 1941 east Kiev
21%
7 May 1942 pacific Coral Sea
20%
16 Dec 1944 west Ardennes
19%
27 Jun 1941 east Minsk
16%
31 Jan 1942 pacific Singapore
14%
21 Jul 1944 pacific Guam
9%
22 Jan 1944 italy Anzio
8%
20 May 1941 east Crete
7%
20 Nov 1943 pacific Tarawa
5%
3 May 1943 africa Tunisia
5%
17 Sep 1944 west Arnhem
4%
17 Dec 1944 west Bastogne
4%
3 Jun 1942 east Sevastopol
4%
9 Sep 1943 italy Salerno
3%
1 Sep 1939 east Polish Campaign
2%
1941 east Crimea
1%
30 Nov 1939 east Finnish-Soviet War
1%
10 May 1940 west Flanders
1%
20 Aug 1944 east Balkans
0%
1 Jul 1942 africa El Alamein I
0%
16 Dec 1944 west Saint-Vith
0%
8 Dec 1940 east Sidi Barrani
0%
No matching quizzes found
Score Distribution
Percent of People with Each Score
Percentile by Number Answered
Your Score History
You have not taken this quiz